LEADER 01224nam0-22003251--450- 001 990009332610403321 005 20110321140922.0 035 $a000933261 035 $aFED01000933261 035 $a(Aleph)000933261FED01 035 $a000933261 100 $a20110321d1898----km-y0itay50------ba 101 0 $aita 102 $aIT 105 $ay-------001yy 200 1 $aRiordinamento dell'Archivio Priorale del comune di Macerata$eatto di consegna ai curatori della Biblioteca comunale Mozzi-Borgetti, aggiuntivi i prospetti dell'inventario ed il testo del regolamento per il servizio interno dell'Archivio$fLodovico Zdekauer, Aristide Silveri Gentiloni 210 $aMacerata$cStabilimento tipografico Mancini$d1898 215 $a21 p.$d23 cm 300 $aSul front.: Cittą di Macerata 676 $a025.456 731$v12 rid.$zita 700 1$aZdekauer,$bLodovico$f<1855-1924>$0137474 702 1$aLazzarini,$bAlfonso 702 1$aSilveri Gentiloni,$bAristide 801 0$aIT$bUNINA$gRICA$2UNIMARC 901 $aBK 912 $a990009332610403321 952 $aMISCELLANEA N. 5 OP. 23$bs.i.$fFGBC 959 $aFGBC 996 $aRiordinamento dell'Archivio Priorale del comune di Macerata$9766510 997 $aUNINA LEADER 01235nam 2200385 450 001 996216546303316 005 20180307092051.0 010 $a1-4244-5465-4 010 $a1-4244-5463-8 035 $a(CKB)2400000000002858 035 $a(WaSeSS)IndRDA00093708 035 $a(EXLCZ)992400000000002858 100 $a20180307d2009 || | 101 0 $aeng 135 $aur||||||||||| 181 $ctxt$2rdacontent 182 $cc$2rdamedia 183 $acr$2rdacarrier 200 10$a2009 IEEE International Symposium on Mixed and Augmented Reality - Arts, Media and Humanities $e19-22 October 2009 210 1$aNew York :$cIEEE,$d2009. 215 $a1 online resource (63 pages) 300 $aIncludes index. 311 $a1-4244-5508-1 606 $aAugmented reality$vCongresses 606 $aHuman-computer interaction$vCongresses 606 $aVirtual reality$vCongresses 615 0$aAugmented reality 615 0$aHuman-computer interaction 615 0$aVirtual reality 801 0$bWaSeSS 801 1$bWaSeSS 906 $aPROCEEDING 912 $a996216546303316 996 $a2009 IEEE International Symposium on Mixed and Augmented Reality - Arts, Media and Humanities$92527807 997 $aUNISA